Normal view
MARC view
- الفن- رسومات-زخارف
Entry Topical Term
001 - CONTROL NUMBER
- control field: 50580
003 - CONTROL NUMBER IDENTIFIER
- control field: JO-AjAnu
005 - DATE AND TIME OF LATEST TRANSACTION
- control field: 20230606082327.0
008 - FIXED-LENGTH DATA ELEMENTS
- fixed length control field: 230606|| aca||aabn | a|a d
040 ## - CATALOGING SOURCE
- Original cataloging agency: JO-AjAnu
- Transcribing agency: JO-AjAnu
150 ## - HEADING--TOPICAL TERM
- Topical term or geographic name entry element: الفن- رسومات-زخارف
670 ## - SOURCE DATA FOUND
- Source citation: Work cat.: (JO-AjAnu)25857: الحوراني، محمد تحرير , author 50579, رسومات بيوت أعيان فلسطين في أواخر الفترة العثمانية1856-1917